[Event "1st WMSG Blitz Ind w KO"]
[Site "Beijing CHN"]
[Date "2008.10.05"]
[Round "2.2"]
[White "Hou Yifan"]
[Black "Zhao Xue"]
[Result "1-0"]
[WhiteElo "2578"]
[BlackElo "2518"]

1.e4 e5 2.Nf3 Nc6 3.Bb5 a6 4.Ba4 Nf6 5.O-O Be7 6.Re1 b5 7.Bb3 O-O 8.a4 b4
9.d3 d6 10.Nbd2 Rb8 11.h3 Na5 12.Ba2 h6 13.Nc4 Bd7 14.c3 bxc3 15.bxc3 c5
16.Bd2 Nxc4 17.Bxc4 Qa5 18.d4 Qc7 19.Bxa6 cxd4 20.cxd4 exd4 21.Nxd4 Qa7 22.Nf5 Bxf5
23.exf5 Qxa6 24.Rxe7 Rfe8 25.Rxe8+ Rxe8 26.Qf3 d5 27.a5 Ne4 28.Be3 Nc3 29.Bb6 d4
30.Qc6 Rc8 31.Qd7 d3 32.f6 Ne4 33.Rd1 d2 34.f3 Rc1 35.Qe8+ Kh7 36.Qxe4+ g6
37.Qd5 Rxd1+ 38.Kh2 Kg8 39.Qd8+ Kh7 40.Qd5 Rh1+ 41.Kxh1  1-0

[Event "1st WMSG Rapid Ind w"]
[Site "Beijing CHN"]
[Date "2008.10.05"]
[Round "2"]
[White "Hou Yifan"]
[Black "Swathi,G"]
[Result "1-0"]
[WhiteElo "2578"]
[BlackElo "2320"]

1.e4 e5 2.Nf3 Nc6 3.Bb5 a6 4.Ba4 Nf6 5.O-O Be7 6.Re1 b5 7.Bb3 d6 8.c3 O-O
9.h3 Nb8 10.d4 Nbd7 11.Nbd2 Bb7 12.Bc2 Re8 13.Nf1 Bf8 14.Ng3 g6 15.b3 Bg7
16.d5 Qb8 17.Rb1 c6 18.c4 Qc7 19.Be3 a5 20.Nd2 Nb6 21.Bd3 Ba6 22.cxb5 cxb5
23.Rc1 Qb8 24.Qe2 Nc8 25.Rc6 Rd8 26.Rec1 h5 27.R6c2 Ne7 28.a4 Ne8 29.axb5 Bc8
30.Nc4 Bd7 31.Nb6 Ra7 32.Nxd7 Raxd7 33.Qd2 h4 34.Nf1 f5 35.f3 Nf6 36.Qxa5 f4
37.Bb6 Rf8 38.Bc7 Qb7 39.Qa6  1-0

[Event "1st WMSG Blitz Ind w KO"]
[Site "Beijing CHN"]
[Date "2008.10.05"]
[Round "2.1"]
[White "Zhao Xue"]
[Black "Hou Yifan"]
[Result "0-1"]
[WhiteElo "2518"]
[BlackElo "2578"]

1.Nf3 Nf6 2.c4 c5 3.d4 cxd4 4.Nxd4 b6 5.f3 Bb7 6.e4 d6 7.Nc3 e6 8.Be3 a6
9.Be2 Nbd7 10.O-O Be7 11.Qd2 O-O 12.Rac1 Rc8 13.Kh1 Qc7 14.Rc2 Qb8 15.Rb1 Rfe8
16.Bf1 Bd8 17.b4 Ne5 18.Na4 Ned7 19.c5 dxc5 20.bxc5 bxc5 21.Nb3 Bc6 22.Naxc5 Nxc5
23.Bxc5 Qa8 24.Rbc1 h6 25.Bd6 Bb6 26.Na5 Bxe4 27.Rxc8 Rxc8 28.Rxc8+ Qxc8
29.Nc4 Qd8 30.Qb4 Nd5 31.Qa4 Bg6 32.Qxa6 Bd4 33.Qb7 Qg5 34.Qb3 Qc1 35.Nd2 Qxd2  0-1

[Event "1st WMSG Rapid Ind w"]
[Site "Beijing CHN"]
[Date "2008.10.06"]
[Round "4"]
[White "Hou Yifan"]
[Black "Vasilevich,I"]
[Result "1-0"]
[WhiteElo "2578"]
[BlackElo "2354"]

1.e4 e6 2.d4 d5 3.Nc3 Nf6 4.e5 Nfd7 5.f4 c5 6.Nf3 Nc6 7.Be3 Be7 8.Qd2 O-O
9.Be2 a6 10.O-O b5 11.a3 Bb7 12.Bd3 g6 13.Kh1 Qc7 14.Qf2 cxd4 15.Nxd4 Nxd4
16.Bxd4 Nc5 17.Rae1 Rac8 18.h3 Nxd3 19.cxd3 b4 20.axb4 Bxb4 21.Qh4 a5 22.Re3 Bc5
23.Ne2 Ba6 24.Ref3 Qb6 25.Bxc5 Rxc5 26.Nc3 Qd8 27.Qf2 Rc6 28.Ra1 Qc7 29.Qd4 Rb8
30.f5 gxf5 31.Rg3+ Kf8 32.Qf4 Rxb2 33.Qh6+ Ke8 34.Rg8+ Kd7 35.Qf8  1-0

[Event "1st WMSG Rapid Ind w"]
[Site "Beijing CHN"]
[Date "2008.10.06"]
[Round "5"]
[White "Hou Yifan"]
[Black "Pogonina,N"]
[Result "1/2-1/2"]
[WhiteElo "2578"]
[BlackElo "2474"]

1.e4 c5 2.Nf3 d6 3.d4 cxd4 4.Qxd4 a6 5.c4 Nc6 6.Qe3 g6 7.h3 Bg7 8.Nc3 Nf6
9.Be2 O-O 10.O-O Nd7 11.b3 Nc5 12.Bb2 Be6 13.Rfd1 Qa5 14.Rab1 Rac8 15.Nd5 Bxb2
16.Rxb2 Qa3 17.Rbd2 f6 18.Ne1 Nd7 19.Nd3 Bf7 20.Bg4 e6 21.N3f4 exd5 22.Bxd7 d4
23.Qe2 Rcd8 24.Bxc6 bxc6 25.Rxd4 Rfe8 26.Qd2 Kg7 27.Qc2 Re5 28.Ne2 Rde8 29.Nc3 R5e6
30.Qd2 Qb4 31.Kh1 Qa5 32.f3 f5 33.exf5 gxf5 34.Rd3 Qe5 35.Qf2 Kh8 36.Qd4 c5
37.Qxe5+ dxe5 38.Na4 e4 39.fxe4 fxe4 40.Re3 Bg6 41.Rd7 Re5 42.Rc7 Rf8 43.Rxc5 Re6
44.Nc3 Rf2 45.Rd5 Rc2 46.Kh2 Rf6 47.Nxe4 Re6 48.Rd4 Rxa2 49.Kg3 Ra5 50.Kf3 Rf5+
51.Ke2 Rfe5 52.Kd3 a5 53.g4 Re7 54.h4 h6 55.Re2 Kg7 56.Re1 Bh7 57.Re3 Bg6
58.h5 Bh7 59.Re2 Kh8 60.Re1 Kg7 61.Re3 Kh8 62.Re1 Kg7 63.Re2 Kh8 64.Re3 Kg7
65.Re1 Kh8 66.Re2 Kg7 67.Re3 Kh8 68.c5 Rxc5 69.Ke2 Rce5 70.Kf3 Rf7+ 71.Kg3 Kg7
72.Re2 Rb7 73.Kf4 Rxe4+ 74.Rexe4 Bxe4 75.Rxe4 Rxb3 76.Re7+ Kg8 77.Ra7 Rb5
78.Ra6 Kg7 79.Ra7+ Kg8 80.Ra6 Kg7 81.Ra7+  1/2-1/2

[Event "1st WMSG Rapid Ind w"]
[Site "Beijing CHN"]
[Date "2008.10.06"]
[Round "6"]
[White "Kovanova,B"]
[Black "Hou Yifan"]
[Result "0-1"]
[WhiteElo "2379"]
[BlackElo "2578"]

1.e4 Nf6 2.Nc3 d5 3.exd5 Nxd5 4.Bc4 Nb6 5.Bb3 Nc6 6.Nf3 Bf5 7.a4 a5 8.O-O e6
9.h3 Bd6 10.d4 O-O 11.Nb5 h6 12.c4 Be7 13.Bf4 Rc8 14.d5 Nb4 15.Nfd4 Bd3 16.dxe6 Bxf1
17.Kxf1 c5 18.Nf5 fxe6 19.Nxe7+ Qxe7 20.Bd6 Qf6 21.Bxf8 Rxf8 22.Qe2 Nd3 23.Kg1 Nf4
24.Qe4 Qxb2 25.Rb1 Qe2 26.Nc3 Qxe4 27.Nxe4 Nd7 28.Rd1 Ne2+ 29.Kf1 Nd4 30.Ba2 b6
31.Bb1 Kf7 32.Bd3 Ke7 33.Nc3 Ne5 34.Nb5 Nxb5 35.axb5 Rd8  0-1

[Event "1st WMSG Rapid Ind w"]
[Site "Beijing CHN"]
[Date "2008.10.06"]
[Round "7"]
[White "Hou Yifan"]
[Black "Li Ruofan"]
[Result "1/2-1/2"]
[WhiteElo "2578"]
[BlackElo "2426"]

1.e4 e5 2.Nf3 Nc6 3.Bb5 Nf6 4.d3 Bc5 5.Bxc6 dxc6 6.h3 O-O 7.O-O Re8 8.Nbd2 Bd6
9.b3 c5 10.Bb2 Nd7 11.Nc4 f6 12.Nfd2 Nb8 13.f4 exf4 14.Nxd6 cxd6 15.Rxf4 Nc6
16.Qh5 Ne5 17.Raf1 Be6 18.Rh4 h6 19.Rhf4 Qe7 20.Qe2 Rad8 21.Qf2 b6 22.Qg3 Kh7
23.Kh1 Rd7 24.R4f2 Qf7 25.Nc4 Qg6 26.Qh2 Bxc4 27.bxc4 a6 28.Rf5 b5 29.cxb5 axb5
30.a3 Rb8 31.Qf4 b4 32.axb4 Rxb4 33.Bc3 Rb8 34.Qh4 Rdb7 35.Qe1 Qe8 36.Kh2 Re7
37.Qh4 c4 38.Rd1 cxd3 39.cxd3 Rc8 40.Bb4 Rd7 41.Rf2 Ng6 42.Qh5 Qe5+ 43.Qxe5 dxe5
44.g3 Nh8 45.Rfd2 Nf7 46.Kg2 Ng5 47.Ba3 Ra7 48.Bb2 Rb7 49.h4 Ne6 50.Kf2 Rcb8
51.Bc1 Rb3 52.Ra2 Rd8 53.Ke2 Nc5 54.Rad2 Ra8 55.Rc2 Ne6 56.Be3 Rd8 57.Rcd2 h5
58.Ra2 Kg6 59.Rc2 Rd7 60.Ra2 Rc3 61.Rb2 Kf7 62.Ra2 Rb3 63.Rc2 Ra3 64.Rb2 Rc3
65.Ra2 Rb3 66.Rc2 Ra3 67.Rb2 Rc3 68.Ra2 Rb3 69.Rc2  1/2-1/2

[Event "1st WMSG Rapid Ind w"]
[Site "Beijing CHN"]
[Date "2008.10.07"]
[Round "8"]
[White "Dembo,Y"]
[Black "Hou Yifan"]
[Result "0-1"]
[WhiteElo "2446"]
[BlackElo "2578"]

1.e4 c5 2.Nf3 d6 3.d4 cxd4 4.Nxd4 Nf6 5.Nc3 g6 6.Be2 Bg7 7.O-O Nc6 8.Nb3 O-O
9.Re1 a5 10.a4 Be6 11.Bf1 Rc8 12.Bg5 Nb4 13.Nd4 Bc4 14.Bxc4 Rxc4 15.Ndb5 Rc5
16.Be3 Rc8 17.Bd4 Nc6 18.Be3 Nd7 19.Rc1 Kh8 20.f3 Nb4 21.Bd4 Ne5 22.f4 Nd7
23.Bxg7+ Kxg7 24.Nd5 Nxd5 25.Qxd5 Qb6+ 26.Kf1 Nf6 27.Qd3 Rfd8 28.b3 d5 29.e5 Ne4
30.Qd4 Qxd4 31.Nxd4 e6 32.Re3 Rc5 33.Ke2 Rdc8 34.Kf3 Kf8 35.g4 h6 36.Kg2 Rc3
37.Rce1 Ke7 38.Kf3 R3c5 39.Kg2 Kf8 40.Kf3 Nc3 41.f5 Ke7 42.Kg2 Ne4 43.Kf3 Rg8
44.f6+ Kd7 45.Kg2 h5 46.c4 hxg4 47.Rd1 Ng5 48.Nb5 Rh8 49.Red3 Nf3 50.cxd5 exd5
51.Rxd5+ Rxd5 52.Rxd5+ Ke6 53.Nc7+ Kf5 54.e6+ Kxf6 55.exf7 Kxf7 56.Kg3 Nxh2
57.Rxa5 Rh3+ 58.Kg2 Nf3 59.Nd5 Nh4+ 60.Kg1 Rxb3 61.Rb5 Rg3+ 62.Kf2 Rf3+ 63.Ke2 Ke6
64.Ne3 g3 65.Rxb7 Rf2+ 66.Kd3 g2 67.Rb1 Nf3 68.Rb6+ Kd7 69.Nxg2 Rxg2 70.a5 Ne5+
71.Ke4 Nc6 72.a6 Ra2 73.Rb7+ Ke6 74.Rb6 Ra4+ 75.Ke3 Kd6 76.Kf2 Ke5  0-1

[Event "1st WMSG Rapid Ind w"]
[Site "Beijing CHN"]
[Date "2008.10.07"]
[Round "9"]
[White "Hou Yifan"]
[Black "Houska,Jo"]
[Result "0-1"]
[WhiteElo "2578"]
[BlackElo "2399"]

1.e4 c6 2.d4 d5 3.Nc3 dxe4 4.Nxe4 Bf5 5.Ng3 Bg6 6.h4 h6 7.Nf3 Nd7 8.h5 Bh7
9.Bd3 Bxd3 10.Qxd3 e6 11.Bf4 Qa5+ 12.Bd2 Bb4 13.c3 Be7 14.c4 Qc7 15.O-O-O Ngf6
16.Kb1 O-O 17.Qe2 b5 18.c5 Rfd8 19.Nf1 Nf8 20.Ne3 Nd5 21.Bc1 a5 22.g4 Nh7
23.Rhe1 a4 24.Ne5 Bf6 25.Nxd5 Rxd5 26.Bf4 Qb7 27.Bg3 Rad8 28.Qe3 Bxe5 29.Bxe5 f6
30.Bd6 Nf8 31.f4 Qd7 32.Rg1 e5 33.fxe5 fxe5 34.Bxe5 Nh7 35.Rdf1 Ng5 36.Rf5 Nf7
37.Rc1 Nxe5 38.dxe5 Rd3 39.Qe4 Rd4 40.Qf3 Rd3 41.Qe4 Rd4 42.Qc2 Rxg4 43.Rff1 Qe6
44.Rce1 Rg5 45.Qh2 Re8 46.Qf4 Rxh5 47.Rd1 Rxe5 48.Qg3 Re3 49.Qc7 Re2 50.Rg1 Qf6  0-1

[Event "1st WMSG Blitz Pair"]
[Site "Beijing CHN"]
[Date "2008.10.08"]
[Round "1"]
[White "Hou Yifan"]
[Black "Pourkashiyan,A"]
[Result "1-0"]
[WhiteElo "2578"]
[BlackElo "2241"]

1.e4 e5 2.Bc4 Nf6 3.d3 Nc6 4.Nf3 Bc5 5.c3 d6 6.Bb3 a6 7.O-O O-O 8.Nbd2 Ba7
9.h3 h6 10.Re1 Re8 11.Nf1 Be6 12.Bc2 Qd7 13.Ng3 d5 14.Qe2 Rad8 15.Nh4 Bxh3
16.Nhf5 Bg4 17.Qf1 b5 18.Be3 d4 19.Bd2 dxc3 20.bxc3 b4 21.cxb4 Nd4 22.Nxd4 Bxd4
23.Rac1 Be6 24.a4 Qe7 25.Ne2 Ba7 26.Ng3 Ng4 27.Be3 Bxe3 28.fxe3 Qh4 29.Qf3 Nh2
30.Qf2 Ng4 31.Qf3 Nh2 32.Qf2 Ng4 33.Qf3 Nh2 34.Qh5 Qxg3 35.Qxh2 Qg5 36.Bb1 Rd7
37.Rc5 Rb8 38.Rxe5 Qf6 39.Rf1 Qe7 40.b5 axb5 41.axb5 Qb4 42.Qh5 Qd2 43.Qf3 Rb6
44.d4 Bc4 45.Rd1 Qb2 46.Re8+ Kh7 47.e5+ Rg6 48.Bxg6+ fxg6 49.Qf8 g5 50.Qf5+ g6
51.Qxd7+  1-0

[Event "1st WMSG Blitz Pair"]
[Site "Beijing CHN"]
[Date "2008.10.08"]
[Round "3"]
[White "Hou Yifan"]
[Black "Cua,Sheri"]
[Result "1-0"]
[WhiteElo "2578"]
[BlackElo "2143"]

1.e4 e6 2.d4 d5 3.Nc3 dxe4 4.Nxe4 Bd7 5.Nf3 Bc6 6.Bd3 Nd7 7.O-O Ngf6 8.Ng3 Be7
9.Re1 Bxf3 10.Qxf3 c6 11.b3 O-O 12.Bb2 Re8 13.c4 Qc7 14.Rad1 Rad8 15.h3 Nf8
16.Bb1 Rd7 17.Ne2 Ng6 18.Nc1 Bb4 19.Re3 Red8 20.Nd3 Be7 21.Ree1 Nh4 22.Qf4 Qxf4
23.Nxf4 Ng6 24.Nd3 Bd6 25.g3 Ne7 26.Bc2 Nf5 27.Ne5 Bxe5 28.dxe5 Ne8 29.Kg2 Nd4
30.Be4 c5 31.Rd2 b6 32.Red1 Kf8 33.f4 g6 34.Kf2 Ke7 35.g4 f5 36.exf6+ Nxf6
37.Bg2 Rd6 38.Bc3 Ng8 39.Be4 Nf6 40.Bb1 Ne8 41.Ke3 Nc6 42.Be4 Nb4 43.a3 Rxd2
44.Rxd2 Rxd2 45.Bxd2 Na6 46.Bc3 Nd6 47.Bd3 Nc7 48.h4 b5 49.Ba5 bxc4 50.bxc4 Nce8
51.Bd2 Nf6 52.Kf3 Nd7 53.Be3 e5 54.Be2 e4+ 55.Kf2 Kf6 56.Ke1 Nb7 57.Kd2 Na5
58.Kc3 Nc6 59.Bd1 Ke6 60.Bc2 Nf6 61.g5 Ng4 62.Bxc5 e3 63.Kd3 Na5 64.Bb4 Nc6
65.Bc5 Kf5 66.Bxe3 Ke6 67.Bd2 Nf2+ 68.Ke3 Ng4+ 69.Kd3 Nf2+ 70.Kc3 Ng4 71.Be1 a6
72.Bd3 Ne3 73.Bf2 Nf5 74.Be4 Nd8 75.c5 Ne7 76.Kc4 Kd7 77.h5 Ne6 78.hxg6 hxg6
79.Be3 Kc7 80.Bd2 Kd7 81.Bd3 Kc7 82.Bc2 Kd7 83.Be3 Kc6 84.Be4+ Kd7 85.Bd3 Kc6
86.Bc2 Kd7 87.Be4 Kc7 88.Kb4 Nd8 89.Ka5 Ndc6+ 90.Kxa6 Nd8 91.Kb5 Ne6 92.a4 Kb8
93.a5 Kc7 94.a6 Kb8 95.Kb6 Nc7 96.a7+ Kc8 97.a8=Q+  1-0

[Event "1st WMSG Blitz Pair"]
[Site "Beijing CHN"]
[Date "2008.10.08"]
[Round "7"]
[White "Hou Yifan"]
[Black "Li Ruofan"]
[Result "1/2-1/2"]
[WhiteElo "2578"]
[BlackElo "2426"]

1.e4 e5 2.Nf3 Nc6 3.Bb5 Nf6 4.O-O Bc5 5.c3 O-O 6.d4 Bb6 7.Bg5 h6 8.Bh4 d6
9.Qd3 a6 10.Bxc6 bxc6 11.Nbd2 Qe7 12.Rfe1 Bg4 13.h3 Bh5 14.Nc4 Bxf3 15.Qxf3 Qe6
16.Nxb6 cxb6 17.Rad1 Rad8 18.b3 b5 19.Qe3 Rfe8 20.f3 d5 21.dxe5 Qxe5 22.Qc5 Qf4
23.Bxf6 Qxf6 24.exd5 Rxe1+ 25.Rxe1 Rxd5 26.Qe3 Rd8 27.Qc5 g6 28.Re2 Qd6 29.Qxd6 Rxd6
30.Kf2 Kg7 31.h4 Kf6 32.g3 h5 33.Ke3 Re6+ 34.Kf2 Rxe2+ 35.Kxe2 Ke5 36.Ke3 c5
37.a3 f6 38.c4 bxc4 39.bxc4 g5 40.f4+ Kf5 41.fxg5 fxg5 42.Kf3 gxh4 43.gxh4 Ke5
44.Ke3 Kf5 45.Kf3 Ke5 46.Ke3 Kf5 47.Kf3 Ke5  1/2-1/2

[Event "1st WMSG Blitz Pair"]
[Site "Beijing CHN"]
[Date "2008.10.08"]
[Round "9"]
[White "Hou Yifan"]
[Black "Sachdev,T"]
[Result "1-0"]
[WhiteElo "2578"]
[BlackElo "2425"]

1.e4 e5 2.Nf3 Nc6 3.Bb5 a6 4.Ba4 Nf6 5.O-O Bc5 6.c3 b5 7.Bb3 d6 8.d4 Bb6
9.a4 Bg4 10.h3 Bh5 11.Bg5 Ne7 12.Nbd2 exd4 13.cxd4 c6 14.axb5 axb5 15.Rxa8 Qxa8
16.Qc2 Bg6 17.Bxf6 gxf6 18.Qb1 O-O 19.Bc2 Qa7  1-0

[Event "1st WMSG Blitz Pair"]
[Site "Beijing CHN"]
[Date "2008.10.08"]
[Round "10"]
[White "Vasilevich,T"]
[Black "Hou Yifan"]
[Result "1-0"]
[WhiteElo "2368"]
[BlackElo "2578"]

1.d4 e6 2.Nf3 Nf6 3.e3 b6 4.Bd3 Bb7 5.O-O d5 6.b3 Bd6 7.Bb2 O-O 8.Nbd2 c5
9.a3 Nc6 10.Ne5 Rc8 11.f4 Ne7 12.Qf3 b5 13.dxc5 Bxc5 14.Qh3 Nf5 15.Bxf5 exf5
16.Kh1 d4 17.Qxf5 dxe3 18.Ndf3 Be4 19.Qg5 h6 20.Qg3 Bxc2 21.Nd7 Qxd7 22.Bxf6 Bg6
23.Bb2 Rfd8 24.f5 Qxf5 25.Ne5 Qe6 26.Nxf7 Rd2 27.Nxh6+ gxh6 28.Rf6 Qxf6 29.Bxf6 Kh7
30.Re1 e2 31.Bc3 Rd1 32.Qe5 Bd4 33.Qe7+ Kg8 34.Qe6+ Kh7 35.Qxc8 Bxc3 36.Qxc3 Bd3
37.Kg1  1-0

[Event "1st WMSG Blitz Pair"]
[Site "Beijing CHN"]
[Date "2008.10.08"]
[Round "11"]
[White "Fierro Baquero,M"]
[Black "Hou Yifan"]
[Result "1/2-1/2"]
[WhiteElo "2361"]
[BlackElo "2578"]

1.e4 Nf6 2.e5 Nd5 3.Nc3 e6 4.Nxd5 exd5 5.d4 d6 6.Nf3 Nc6 7.Bb5 Be7 8.Bf4 O-O
9.O-O Bg4 10.Be2 Re8 11.h3 Bh5 12.Re1 Qd7 13.c3 Rad8 14.Qb3 Bxf3 15.Bxf3 dxe5
16.dxe5 Na5 17.Qc2 Bf8 18.Rad1 c6 19.b3 b5 20.Rd2 Qc7 21.Bg3 Qe7 22.Red1 Nb7
23.c4 bxc4 24.bxc4 Rc8 25.cxd5 cxd5 26.Qb3 Na5 27.Qb5 Rc5 28.Qe2 Nc4 29.Rxd5 Rxd5
30.Bxd5 Nxe5 31.Bxe5 Qxe5 32.Qxe5 Rxe5 33.Bb3 a5 34.Rd7 Rf5 35.Rd5 Rxd5 36.Bxd5 g6
37.f4 Kg7 38.Kf2 Bc5+ 39.Kf3 f5 40.g4 Kf6 41.Bb3 h6 42.Bc4 Bd6 43.Bb3 Ke7
44.Bc4 Bc5 45.Bb3 Kd6 46.Bf7 fxg4+ 47.hxg4 g5 48.fxg5 hxg5 49.Ke4  1/2-1/2

[Event "1st WMSG Rapid Pair"]
[Site "Beijing CHN"]
[Date "2008.10.09"]
[Round "1"]
[White "Le Kieu Thien Kim"]
[Black "Hou Yifan"]
[Result "1-0"]
[WhiteElo "2291"]
[BlackElo "2578"]

1.e4 c5 2.Nf3 d6 3.c3 Nf6 4.h3 Nc6 5.Bd3 g6 6.Bc2 Bg7 7.O-O O-O 8.a3 e5 9.d4 cxd4
10.cxd4 exd4 11.Nxd4 Nxd4 12.Qxd4 Re8 13.Qc4 Be6 14.Qe2 d5 15.e5 Ne4 16.Bf4 f6
17.Bxe4 dxe4 18.Nc3 f5 19.Rfd1 Qe7 20.Qe3 a6 21.Rd2 h6 22.Bxh6 Bxe5 23.Bf4 Bg7
24.Nd5 Qf7 25.Nc7 g5 26.Nxe6 gxf4 27.Nxf4 Rad8 28.Rad1 Rxd2 29.Rxd2 Rc8 30.Qg3 Rc6
31.Qg5 Qf6 32.Rd8+ Kh7 33.Qh5+ Bh6 34.Rd7+ Kg8 35.Nd5 Qe6 36.Ne7+ Kh7 37.Rxb7 Rc1+
38.Kh2 Rc7 39.Rxc7 Qd6+ 40.g3 Qxc7 41.Qg6+  1-0

[Event "1st WMSG Rapid Pair"]
[Site "Beijing CHN"]
[Date "2008.10.09"]
[Round "2"]
[White "Hou Yifan"]
[Black "Cua,Sheri"]
[Result "1-0"]
[WhiteElo "2578"]
[BlackElo "2143"]

1.e4 e6 2.d4 d5 3.Nc3 dxe4 4.Nxe4 Bd7 5.Nf3 Bc6 6.Bd3 Nd7 7.O-O Ngf6 8.Ng3 Be7
9.b3 O-O 10.Bb2 Bxf3 11.Qxf3 c6 12.c4 Qc7 13.Rad1 Rad8 14.Bc2 Rfe8 15.Ne2 Nf8
16.g3 Ng6 17.h4 Qa5 18.a3 Qh5 19.Qxh5 Nxh5 20.Be4 Nf6 21.Bf3 Rd7 22.h5 Nf8
23.Nf4 Red8 24.Nd3 h6 25.Kg2 Rc7 26.Rfe1 Bd6 27.Be2 N6d7 28.f4 Rdc8 29.Bf3 c5
30.dxc5 Nxc5 31.Nxc5 Bxc5 32.Be5 Bxa3 33.Bxc7 Rxc7 34.Rd8 Bc5 35.Red1 a5
36.Rb8 b6 37.Rdd8 f5 38.Rbc8 Rxc8 39.Rxc8 Bd4 40.Bc6 Bc5 41.Be8 Kh7 42.Bf7 g5
43.hxg6+ Kg7 44.Rc6 Kf6 45.Bxe6 Nxe6 46.g7 Kxg7 47.Rxe6 Bd4 48.Kh3  1-0

[Event "1st WMSG Rapid Pair"]
[Site "Beijing CHN"]
[Date "2008.10.09"]
[Round "3"]
[White "Houska,Jo"]
[Black "Hou Yifan"]
[Result "0-1"]
[WhiteElo "2399"]
[BlackElo "2578"]

1.d4 e6 2.Nf3 Nf6 3.c4 c5 4.d5 exd5 5.cxd5 d6 6.Nc3 g6 7.h3 a6 8.a4 Qe7 9.Bg5 Bg7
10.Qd2 h6 11.Bf4 Bf5 12.g4 Ne4 13.Nxe4 Bxe4 14.Bg2 Nd7 15.O-O Nf6 16.Ne1 Rd8
17.Ra3 Nxd5 18.Bg3 Bxg2 19.Nxg2 Nc7 20.Rd3 d5 21.Re3 Ne6 22.Nf4 O-O 23.Rxe6 fxe6
24.Nxg6 Qf6 25.Nxf8 Rxf8 26.b3 Rc8 27.e4 Qd4 28.Qxd4 Bxd4 29.exd5 exd5 30.Rd1 Kf7
31.Kg2 Rc6 32.Rd3 Ke6 33.f4 b5 34.axb5 axb5 35.Kf3 b4 36.h4 Ra6 37.h5 Ra1
38.Rd2 Rb1 39.Re2+ Kf7 40.g5 Rxb3+ 41.Kg4 hxg5 42.fxg5 Re3 43.Ra2 c4 44.Ra6 b3
45.g6+ Kf8 46.h6 b2 47.Ra8+ Ke7 48.Bh4+ Kd7 49.Rb8 Rb3 50.Rxb3 cxb3 51.g7 b1=Q
52.g8=Q Qe4+ 53.Kg3 Qe3+ 54.Kg4 Qe6+  0-1

[Event "1st WMSG Rapid Pair"]
[Site "Beijing CHN"]
[Date "2008.10.10"]
[Round "4"]
[White "Hou Yifan"]
[Black "Fierro Baquero,M"]
[Result "0-1"]
[WhiteElo "2578"]
[BlackElo "2361"]

1.e4 c5 2.Nf3 g6 3.d4 cxd4 4.Nxd4 Nc6 5.c4 Nf6 6.Nc3 Nxd4 7.Qxd4 d6 8.Be2 Bg7
9.Bg5 O-O 10.Qd2 a5 11.O-O a4 12.Rac1 Qa5 13.Bh6 Be6 14.Bxg7 Kxg7 15.Qd4 Rfc8
16.Nb5 Qb4 17.Rfd1 Kg8 18.f3 Qc5 19.Rc3 Nd7 20.Qxc5 Nxc5 21.Nd4 Bd7 22.Nc2 Kg7
23.Ne3 Be6 24.Rdc1 Rc6 25.Kf2 Rb6 26.R3c2 Na6 27.Rd2 Nb4 28.Ra1 Na6 29.Bd1 Nc5
30.Be2 Rc8 31.Rc1 Ra8 32.Rc3 Rb4 33.g4 h6 34.h4 Ra6 35.Nd1 Rab6 36.Rcc2 Ra6
37.Nc3 Rbb6 38.Nb5 Rc6 39.g5 hxg5 40.hxg5 Ra8 41.Rd1 Rh8 42.Ke3 Rcc8 43.Rcc1 Rh5
44.Rg1 Rch8 45.Rce1 Rh2 46.Nc3 R8h7 47.Rc1 Rh8 48.Nd1 Bd7 49.Nc3 Be6 50.Rb1 Ra8
51.Nb5 Rxe2+ 52.Kxe2 Bxc4+ 53.Ke3 Bxb5 54.Rh1 Bc4 55.a3 e5 56.Rbd1 Rd8 57.Rd2 Ne6
58.Rg1 Nd4 59.Rh1 Ne6 60.Rg1 Bb3 61.Rd3 Nd4 62.Rh1 Ne6 63.Rg1 d5 64.exd5 Nf4
65.Rd2 Nxd5+ 66.Kf2 Rh8 67.Kg3 Rh5 68.Kf2 Nf4 69.Ke3 Ne6 70.Rd7 b5 71.Rg2 Nxg5
72.Rd6 Ne6 73.Rgd2 Nd4 74.Rd7 Rh3 75.Rf2 Be6 76.Rd8 Kf6 77.Ke4 Bf5+ 78.Kd5 Rxf3
79.Rxf3 Nxf3 80.Rb8 Nd4 81.Rb6+ Be6+ 82.Ke4 g5 83.Rb8 Bc4 84.Rh8 Ne6 85.Rh6+ Kg7
86.Rh2 f6 87.Rd2 Nd4 88.Rh2 Kg6 89.Rh8 Bb3 90.Re8 Bc2+ 91.Ke3 g4 92.Rg8+ Kf5
93.Rg7 Bb3 94.Rb7 Bc4 95.Rg7 Ne6 96.Rg8 Nf4 97.Rg7 Nd5+ 98.Kf2 Kf4 99.Rg6 f5  0-1

[Event "1st WMSG Rapid Pair"]
[Site "Beijing CHN"]
[Date "2008.10.10"]
[Round "5"]
[White "Vasilevich,T"]
[Black "Hou Yifan"]
[Result "0-1"]
[WhiteElo "2368"]
[BlackElo "2578"]

1.d4 Nf6 2.c4 e6 3.g3 c5 4.Nf3 cxd4 5.Nxd4 Nc6 6.Bg2 Bc5 7.Nb3 Be7 8.Nc3 O-O
9.O-O b6 10.Nb5 Ba6 11.Bf4 d5 12.Nc7 Bxc4 13.Nxa8 Qxa8 14.Nd2 Ba6 15.Re1 Rd8
16.Qa4 Bb7 17.Rad1 Nd7 18.Nf3 h6 19.Qc2 e5 20.Bc1 e4 21.Nd4 Nxd4 22.Rxd4 Bf6
23.Rdd1 d4 24.b3 Nc5 25.Qb1 Ne6 26.Bb2 Be7 27.a3 a5 28.Bc1 Bf6 29.Bb2 Be7
30.Bc1 Bd5 31.b4 axb4 32.axb4 Rc8 33.Bh3 Rc4 34.Bd2 Ng5 35.Bf1 Ne6 36.Bh3 b5
37.Rc1 Qa7 38.Qb2 Bf6 39.Ra1 Qb7 40.Qa3 e3 41.fxe3 dxe3 42.Qxe3 Bd4 43.Ra5 Bxe3+
44.Bxe3 Rxb4 45.Ra7 Qc6 46.Rf1 Nd4 47.Rf2 Rb1+ 48.Bf1 Nc2 49.Bf4 Be4 50.Rc7 Qg6
51.h4 b4 52.Kh2 Kh7 53.Be5 Ne3 54.Bh3 Rh1+  0-1

[Event "1st WMSG Rapid Pair"]
[Site "Beijing CHN"]
[Date "2008.10.10"]
[Round "6"]
[White "Pourkashiyan,A"]
[Black "Hou Yifan"]
[Result "0-1"]
[WhiteElo "2241"]
[BlackElo "2578"]

1.e4 c5 2.Nf3 d6 3.d4 cxd4 4.Nxd4 Nf6 5.Nc3 a6 6.Be2 e6 7.O-O Be7 8.Be3 Qc7
9.f4 O-O 10.Kh1 b5 11.a3 Bb7 12.Bd3 Nbd7 13.Qf3 Rfe8 14.Rae1 Nc5 15.Bg1 Rac8
16.Qh3 Nfd7 17.Rf3 Bf8 18.Rg3 g6 19.Nf3 Bg7 20.Ng5 Nf6 21.e5 dxe5 22.fxe5 Nh5
23.Rg4 Nxd3 24.cxd3 Bxe5 25.Rh4 Bg7 26.Rxh5 gxh5 27.Qxh5 h6 28.Nge4 Bxe4
29.Rxe4 f5 30.Re1 Qf7 31.Qh4 e5 32.Rf1 Rc6 33.Ne4 Qd7 34.Qh3 Rf8 35.Ng3 Rcf6
36.Nh5 Rg6 37.Nxg7 Kxg7 38.Bc5 Rf7 39.b4 Kh7 40.Qe3 Qd5 41.Rg1 f4 42.Qh3 f3
43.g3 f2+  0-1

[Event "1st WMSG Rapid Pair KO"]
[Site "Beijing CHN"]
[Date "2008.10.11"]
[Round "1.1"]
[White "Hou Yifan"]
[Black "Sukandar,I"]
[Result "1-0"]
[WhiteElo "2578"]
[BlackElo "2303"]

1.e4 e5 2.Nf3 Nc6 3.Bb5 a6 4.Ba4 Nf6 5.d3 b5 6.Bb3 Be7 7.a4 b4 8.O-O O-O
9.Nbd2 d6 10.h3 Be6 11.Nc4 h6 12.a5 Rb8 13.Re1 Nd7 14.Be3 d5 15.exd5 Bxd5
16.Ba4 Bd6 17.c3 bxc3 18.bxc3 Qf6 19.Nxd6 Qxd6 20.Nd2 Qg6 21.Qg4 Qd6 22.Nc4 Bxc4
23.dxc4 Nf6 24.Qe2 Nxa5 25.Bc2 Nb7 26.Red1 Qe6 27.c5 a5 28.Qf3 e4 29.Qg3 c6
30.Bd4 Kh8 31.Re1 Rfe8 32.Rab1 Qf5 33.Ba4 Nh5 34.Qg4 Qd5 35.Red1 Qg5 36.Qxg5 hxg5
37.Bxc6 Nxc5  1-0

[Event "1st WMSG Rapid Pair"]
[Site "Beijing CHN"]
[Date "2008.10.11"]
[Round "8"]
[White "Hou Yifan"]
[Black "Li Ruofan"]
[Result "1-0"]
[WhiteElo "2578"]
[BlackElo "2426"]

1.e4 e5 2.Nf3 Nc6 3.Bb5 a6 4.Ba4 d6 5.c3 Bd7 6.O-O g6 7.d4 Bg7 8.d5 Nb8 9.Bxd7+ Nxd7
10.Be3 Ne7 11.c4 h6 12.Nfd2 f5 13.f3 O-O 14.Nc3 Kh7 15.b4 a5 16.a3 b6 17.Nb3 fxe4
18.fxe4 Rxf1+ 19.Qxf1 Nf6 20.bxa5 bxa5 21.Qe2 a4 22.Nd2 c6 23.Rb1 Qa5 24.Nd1 Qc7
25.Kh1 Nd7 26.Qd3 Nc8 27.Nc3 Ncb6 28.h3 Bf8 29.Qf1 Kg8 30.Qf2 c5 31.Rf1 Bg7
32.Qf7+ Kh7 33.Rf6 g5 34.Qg6+ Kh8 35.Rf7 Rg8 36.Bxg5 Nf8 37.Qh5 Qb8 38.Bxh6 Nh7
39.Qg6  1-0

[Event "1st WMSG Rapid Pair KO"]
[Site "Beijing CHN"]
[Date "2008.10.12"]
[Round "2.2"]
[White "Hou Yifan"]
[Black "Le Kieu Thien Kim"]
[Result "1-0"]
[WhiteElo "2578"]
[BlackElo "2291"]

1.e4 Nf6 2.e5 Nd5 3.d4 d6 4.c4 Nb6 5.exd6 cxd6 6.Nc3 g6 7.Be3 Bg7 8.Rc1 O-O
9.b3 Bf5 10.Be2 d5 11.c5 Nc8 12.Nf3 Nc6 13.O-O Bg4 14.b4 a6 15.Rb1 Bxf3 16.Bxf3 e6
17.a4 N8e7 18.b5 axb5 19.axb5 Na5 20.Be2 Nf5 21.Qd2 e5 22.Na4 exd4 23.Bg5 f6
24.Bf4 Nc4 25.Qb4 Ne5 26.Bxe5 fxe5 27.Nb6 Ra2 28.Bc4 dxc4 29.Qxc4+ Kh8 30.Qxa2 Qg5
31.Qd5 Nh4 32.Kh1 Qe7 33.Rbe1 Nf5 34.c6 bxc6 35.bxc6 Qc7 36.Nd7 Rd8 37.Qe6 Qc8
38.Rb1 Qc7 39.Rb7 Qa5 40.c7 Rg8 41.Qxg8+  1-0

[Event "1st WMSG Rapid Pair KO"]
[Site "Beijing CHN"]
[Date "2008.10.12"]
[Round "2.1"]
[White "Le Kieu Thien Kim"]
[Black "Hou Yifan"]
[Result "0-1"]
[WhiteElo "2291"]
[BlackElo "2578"]

1.d4 Nf6 2.Nf3 e6 3.e3 b6 4.b3 Bb7 5.Bb2 d5 6.Nbd2 Bd6 7.Bd3 O-O 8.O-O c5
9.Ne5 Nc6 10.a3 Rc8 11.f4 Ne7 12.Qf3 b5 13.dxc5 Bxc5 14.Kh1 Nf5 15.Rae1 Rc7
16.Qh3 d4 17.exd4 Bxd4 18.Bxd4 Qxd4 19.Ndf3 Qxf4 20.g3 Qd4 21.Re2 Ne3 22.Kg1 Qb6
23.Rff2 h6 24.Kh1 Qc5 25.Kg1 Nd1 26.b4 Nxf2 27.Rxf2 Qe3 28.Ng4 Nxg4 29.Qxg4 Bxf3
30.Qxf3 Qxf3 31.Rxf3 a6 32.Kf2 Rd8 33.Ke2 Kf8 34.Kd2 Ke7 35.Kc1 f5 36.Kb2 Rd6
37.h3 h5 38.g4 hxg4 39.hxg4 g6 40.Rh3 Kf6 41.Rf3 Ke5  0-1

[Event "1st WMSG Blitz Team w"]
[Site "Beijing CHN"]
[Date "2008.10.13"]
[Round "1"]
[White "Tsiganova,M"]
[Black "Hou Yifan"]
[Result "0-1"]
[WhiteElo "2208"]
[BlackElo "2578"]

1.d4 e6 2.Nf3 Nf6 3.e3 b6 4.Bd3 Bb7 5.O-O d5 6.b3 Bd6 7.Bb2 O-O 8.c4 Nbd7
9.Nbd2 Ne4 10.Qe2 f5 11.Rfd1 Qf6 12.Rac1 Kh8 13.a3 a5 14.cxd5 exd5 15.Bb5 c6
16.Ne5 Nxe5 17.dxe5 Bxe5 18.Bxe5 Qxe5 19.Nxe4 cxb5 20.Ng3 b4 21.a4 Rae8 22.Qb5 f4
23.exf4 Qxf4 24.Qxb6 Bc8 25.Qd4 Qf7 26.h3 h6 27.Rc2 Be6 28.Rdc1 Qg6 29.Rc7 Rf6
30.Qa7 Ref8 31.Re7 Rxf2 32.Qxf2 Rxf2 33.Kxf2 Qf6+ 34.Kg1 Qxe7 35.Ne2 Bf5
36.Kh1 Qxe2 37.Rc7 d4 38.Ra7 d3 39.Rxa5 Be4 40.Rb5  0-1

[Event "1st WMSG Blitz Team w"]
[Site "Beijing CHN"]
[Date "2008.10.13"]
[Round "2"]
[White "Hou Yifan"]
[Black "Peng Zhaoqin"]
[Result "1-0"]
[WhiteElo "2578"]
[BlackElo "2455"]

1.e4 c5 2.Nf3 e6 3.Nc3 Nc6 4.Bb5 Nge7 5.O-O Nd4 6.Nxd4 cxd4 7.Ne2 a6 8.Bd3 d5
9.e5 Nc6 10.f4 Bd7 11.b3 f6 12.Bb2 fxe5 13.fxe5 Qg5 14.Kh1 Bc5 15.a3 Nxe5
16.Nxd4 Nxd3 17.cxd3 Bd6 18.Qe2 Qh6 19.Nf3 O-O 20.Be5 Be7 21.a4 Rf5 22.Nd4 Rxf1+
23.Rxf1 Rf8 24.Rc1 Qg6 25.h3 Bf6 26.Nf3 Bc6 27.Bxf6 Qxf6 28.Re1 Re8 29.d4 Qf4
30.Qd3 h6 31.Qg6 Qf7  1-0